LEADER 03213nam 2200673 450 001 9910464916303321 005 20200520144314.0 035 $a(CKB)3710000000096388 035 $a(EBL)3115105 035 $a(SSID)ssj0001256085 035 $a(PQKBManifestationID)11749402 035 $a(PQKBTitleCode)TC0001256085 035 $a(PQKBWorkID)11258647 035 $a(PQKB)11009121 035 $a(MiAaPQ)EBC3115105 035 $a(Au-PeEL)EBL3115105 035 $a(CaPaEBR)ebr10855204 035 $a(OCoLC)878119439 035 $a(EXLCZ)993710000000096388 100 $a20140415h20112011 uy 0 101 0 $aeng 135 $aur|n|---||||| 181 $ctxt 182 $cc 183 $acr 200 00$aA-Life for music $emusic and computer models of living systems /$fEduardo Reck Miranda, editor 210 1$aMiddleton, Wisconsin :$cA-R Editions,$d2011. 210 4$d©2011 215 $a1 online resource (332 p.) 225 1 $aComputer Music and Digital Audio Series ;$vVolume 24 300 $aDescription based upon print version of record. 311 $a0-89579-673-2 320 $aIncludes bibliographical references and index. 327 $a""A-Life for Music: Music and Computer Models of Living Systems""; ""A-LIFE FOR MUSIC""; ""Contents""; ""List of Figures, Examples, and Tables""; ""Preface""; ""ONE Artificial Anuran Choruses""; ""TWO Multi-Agent Modeling of Complex Rhythmic Interactions in Real- Time Performance""; ""THREE Using Coevolution in Music Improvisation""; ""FOUR Structural Coupling in a Society of Musical Agents""; ""FIVE Transformation and Mapping of L-Systems Data in the Composition of a Large- Scale Piece of Music""; ""SIX Generative Composition with Nodal"" 327 $a""SEVEN Evolutionary Morphing for Music Composition""""EIGHT The Evolving Drum Machine""; ""NINE Autonomous Evolution of Piano Pieces and Performances with Ossia II""; ""TEN A Biophysically Constrained Multi-Agent Systems Approach to Algorithmic Composition with Expressive Performance""; ""ELEVEN Artificial Evolution of Tuning Systems""; ""TWELVE Replication, Parataxis, and Evolution: Meme Journeys through the First Movement of a Mozart Sonata""; ""THIRTEEN An Ontomemetic Approach to Musical Intelligence""; ""Appendix I: Complementary Bibliography""; ""Appendix II: The Authors""; ""Index"" 410 0$aComputer music and digital audio series ;$vVolume 24. 606 $aComputer composition 606 $aGenetic algorithms 606 $aMultiagent systems 606 $aEvolutionary computation 606 $aArtificial life$xComputer programs 606 $aMusic$xComputer programs 608 $aElectronic books. 615 0$aComputer composition. 615 0$aGenetic algorithms. 615 0$aMultiagent systems. 615 0$aEvolutionary computation. 615 0$aArtificial life$xComputer programs. 615 0$aMusic$xComputer programs. 676 $a781.3/4 702 $aMiranda$b Eduardo Reck$f1963- 702 $aMirando$b Eduardo Reck 801 0$bMiAaPQ 801 1$bMiAaPQ 801 2$bMiAaPQ 906 $aBOOK 912 $a9910464916303321 996 $aA-Life for music$92262585 997 $aUNINA LEADER 01880oam 2200529 450 001 9910702318703321 005 20191016100329.0 035 $a(CKB)5470000002426975 035 $a(OCoLC)823304437 035 $a(EXLCZ)995470000002426975 100 $a20130104d2012 ua 0 101 0 $aeng 135 $aurcn||||||||| 181 $ctxt$2rdacontent 182 $cc$2rdamedia 183 $acr$2rdacarrier 200 10$aGeologic assessment of undiscovered conventional oil and gas resources $eMiddle Eocene Claiborne Group, United States part of the Gulf of Mexico basin /$fby Paul C. Hackley 210 1$aReston, Virginia :$cU.S. Department of the Interior, U.S. Geological Survey,$d2012. 215 $a1 online resource (v, 97 pages) $ccolor illustrations, color maps 225 1 $aU.S. Geological Survey Open-file report ;$v2012-1144 300 $aTitle from title screen (viewed Jan. 4, 2013). 320 $aIncludes bibliographical references (pages 62-72). 517 $aGeologic assessment of undiscovered conventional oil and gas resources 606 $aPetroleum reserves$zClaiborne Group 606 $aNatural gas reserves$zClaiborne Group 606 $aNatural gas reserves$2fast 606 $aPetroleum reserves$2fast 607 $aUnited States$zClaiborne Group$2fast 615 0$aPetroleum reserves 615 0$aNatural gas reserves 615 7$aNatural gas reserves. 615 7$aPetroleum reserves. 700 $aHackley$b Paul C.$01388682 712 02$aGeological Survey (U.S.), 801 0$bGPO 801 1$bGPO 801 2$bGPO 801 2$bOCLCQ 801 2$bOCLCF 801 2$bLWA 801 2$bINT 801 2$bOCLCQ 801 2$bGPO 906 $aBOOK 912 $a9910702318703321 996 $aGeologic assessment of undiscovered conventional oil and gas resources$93459523 997 $aUNINA LEADER 03333 am 2200481 n 450 001 9910495949903321 005 20240104030436.0 010 $a2-7535-6067-6 024 7 $a10.4000/books.pur.88168 035 $a(CKB)4100000008351111 035 $a(FrMaCLE)OB-pur-88168 035 $a(PPN)26795820X 035 $a(EXLCZ)994100000008351111 100 $a20190603j|||||||| ||| 0 101 0 $afre 135 $auu||||||m|||| 200 00$aBreiz Atao !$eMordrel, Delaporte, Lainé, Fouéré : une mystique nationale (1901-1948)$fSébastien Carney 210 $aRennes$cPresses universitaires de Rennes$d2019 215 $a1 online resource (640 p.) 311 $a2-7535-4289-9 330 $aFigures emblématiques et controversées du mouvement breton, Mordrel, Delaporte, Lainé et Fouéré font partie de ces intellectuels qui, trop jeunes pour être appelés au combat, et ayant nourri le sentiment d'être les injustes survivants de 14-18, ont reporté sur la cause nationale l'ardeur de leur génération inutile. En ce sens, le nationalisme breton de l'entre-deux-guerres est la Grande Guerre continuée au prix de sa transfiguration. Ce combat s'est inscrit très tôt dans un horizon international mais, faute d'écho du côté des Irlandais, des Écossais et des Gallois, le panceltisme a tourné court, au profit de relations plus fructueuses avec des interlocuteurs flamands, corses, alsaciens ou allemands. En croisant les itinéraires de ces acteurs majeurs de la scène bretonne, on s'aperçoit en effet qu'ils participent de la nébuleuse non-conformiste qui se forme en Europe à la fin des années 1920. La mystique nationale de Breiz Atao rejoint donc, à bien des égards, celle des autres « relèves » qui s'expriment à la même époque et qui développent, sous des formes diverses, le projet d'une révolution conservatrice. Mais elle est aussi, par certains aspects, la projection des angoisses ou des ambitions personnelles de ses dirigeants. Idéologie, pragmatisme ou concours de circonstances amènent ceux-ci à entretenir une alliance avec l'occupant entre 1940 et 1944, chacun à sa façon et pas tous au même degré. Même s'ils en ont obtenu bien moins que ce qu'ils espéraient, cet engagement est ce dans quoi, par la suite, on les a trop souvent enfermés. Or, on ne comprendra rien à Mordrel, Delaporte, Lainé ou Fouéré, tant qu'on s'obstinera à n'en faire que des « collabos ». L'histoire du mouvement breton ne se réduit pas à des épisodes spectaculaires et dramatiques de la Seconde Guerre mondiale : ceux-ci ne furent que la mise en application d'idées énoncées bien avant, partout en Europe, et adaptées à la Bretagne par quelques personnalités hors norme. 606 $aHistory 606 $aInternational Relations 606 $aBretagne 606 $anationalisme 606 $aMordrel 606 $aDelaporte 606 $aLainé 606 $aFouéré 615 4$aHistory 615 4$aInternational Relations 615 4$aBretagne 615 4$anationalisme 615 4$aMordrel 615 4$aDelaporte 615 4$aLainé 615 4$aFouéré 700 $aCarney$b Sébastien$01456134 801 0$bFR-FrMaCLE 906 $aBOOK 912 $a9910495949903321 996 $aBreiz Atao $93657553 997 $aUNINA